Cargo Work for Maritime Operations / (Record no. 88)

000 -LEADER
fixed length control field 00478nam a2200169Ia 4500
008 - FIXED-LENGTH DATA ELEMENTS--GENERAL INFORMATION
fixed length control field 190805s9999||||xx |||||||||||||| ||und||
020 ## - INTERNATIONAL STANDARD BOOK NUMBER
International Standard Book Number 9781138294561
Terms of availability Rs. 1000.00
082 04 - DEWEY DECIMAL CLASSIFICATION NUMBER
Classification number 623.8881
Item number H8162
100 1# - MAIN ENTRY--PERSONAL NAME
Personal name House, D. J.
245 10 - TITLE STATEMENT
Title Cargo Work for Maritime Operations /
250 ## - EDITION STATEMENT
Edition statement 8th ed.
260 ## - PUBLICATION, DISTRIBUTION, ETC. (IMPRINT)
Place of publication, distribution, etc New York :
Name of publisher, distributor, etc Routledge,
Date of publication, distribution, etc 2017
300 ## - PHYSICAL DESCRIPTION
Extent xiii, 407 p.
Other physical details : col. ill.
Dimensions ; 24 cm.
650 #0 - SUBJECT ADDED ENTRY--TOPICAL TERM
Topical term or geographic name as entry element Ships
General subdivision Cargo
852 ## - LOCATION/CALL NUMBER
Location
942 ## - ADDED ENTRY ELEMENTS (KOHA)
Item type Books
Holdings
Withdrawn status Lost status Damaged status Not for loan Collection code Permanent location Current location Shelving location Date acquired Source of acquisition Cost, normal purchase price Total Checkouts Full call number Barcode Date last seen Date last borrowed Koha item type Public note Total Renewals Source of classification or shelving scheme
        Nautical Science IMU Kochi Library IMU Kochi Library General Stacks 2017-07-25 Sterling Book House 1000.00 2 623.8881 H8162 BK004186 2023-11-20 2023-11-20 Books Gen. Shelf-14, Row-3    
        Nautical Science IMU Kochi Library IMU Kochi Library General Stacks 2017-07-25 Sterling Book House 1000.00 4 623.8881 H8162 BK004187 2023-11-09 2023-11-09 Books Gen. Shelf-14, Row-3    
        Nautical Science IMU Kochi Library IMU Kochi Library General Stacks 2017-07-25 Sterling Book House 1000.00 5 623.8881 H8162 BK004188 2026-03-30 2026-03-16 Books Gen. Shelf-14, Row-3 3  
        Nautical Science IMU Kochi Library IMU Kochi Library General Stacks 2017-05-18 Sterling Book House 1000.00 8 623.8881 H8162 BK002926 2025-04-24 2025-03-18 Books Gen. Shelf-14, Row-3 6  


Copyright © All Rights Reserved by Indian Maritime University, Kochi Campus.
For any Suggestions/Query Contact to library or Email: library.kochi@imu.ac.in Ph:(0484)-2989402
(Web OPAC Designed by Rudra Ranjan. Maintained by IMU Kochi Library)

Powered by Koha